00691nam a2200181 i 450000100060000000300090000600500170001500700030003200800410003510000410007624501050011726000330022230000380025570000450029385200320033899900170037095201220038741245ES-MaACL20230906160411.0t|030310s1966 sp ||||1| spa d1 aCarvajal y Mendoza, Luisa de.93594910aEscritos autobiográficos / cLuisa Carvajal y Mendoza ; introducción y notas de Camilo Mª Abad. aBarcelona : bFlors, c1966. aVIII, 346 p., 2 lám. ; c18 cm.1 aAbad, Camilo María,d1878-19699226437 aES-MaACLjC-31737 bR.62387 c41245d41245 00104070aATENEOMbATENEOMcDEPO2d2008-01-17eSCl0oC-31737p1043423r2023-02-23 00:00:00w2023-02-23yMONOGRAFIA